02262cam a22003614i 4500003000900000005001700009008004100026020001500067020001800082035002000100082001600120245014000136264004900276300004300325336002100368337002500389338002300414504003300437505126600470526001001736526001001746526001001756526001001766526000801776526000801784526000801792526000801800526000801808526000801816526000801824650003701832650003101869PE-LiUPU20250731173113.0190103s2018 miu r 001 0 eng  a080109898X a9780801098987 a(Sirsi) a251279 a261bA422300aAll things hold together in Christ :ba conversation on faith, science, and virtue /cedited by James K.A. Smith and Michael L. Gulker. 1aGrand Rapids, MI :bBaker Academic,c[2018]. axxi, 375 páginas ;c22 centímetros atext2rdacontent aunmediated2rdamedia avolume2rdacarrier aÍndice: páginas 369-375.0 aCreating a community for the conversation : ecclesiology and worship -- The church as church : practicing the politics of Jesus -- Friends of God and friends of God's friends -- Friendship and the ways to truth -- Worship is our worldview : Christian worship and the formation of desire -- Common prayer -- Putting on Christ : formation in virtue -- The master argument of MacIntyre's After Virtue -- The nature of the virtues -- The church as a community of practice -- Resistance to the demands of love : on sloth -- Cultivating gratitude : pray without ceasing -- Why Christian character matters -- Come let us reason together : tradition-based rationality -- The rationality of traditions -- Aquinas and the rationality of tradition -- The epistemic priority of Jesus Christ /rRobert Barron -- Reading Scripture with the Reformers -- All things hold together in Christ : exploring God's world -- Come and see : a christological invitation for science -- Encountering God's world : curiositas vs. caritas -- The religious path to exclusive humanism : from deism to atheism -- Natural theology, or a theology of creation? -- Science, stories, and our knowledge of the natural world --Science for the church : natural sciences in the Christian University. aSEG42 aSEG41 aSEG40 aSEG39 aP94 aP87 aP86 aP85 aP77 aP76 aP3514aCristianismo y otras religiones.24aCristianismo y política.